Statistics for Geography by First Three Letters #3

Click here to take the quiz!

General Stats

  • This quiz has been taken 2,759 times
  • The average score is 17 of 21

Answer Stats

LettersCategoryAnswer% Correct
EURContinentEurope
100%
MEXCountryMexico
100%
LONCapitalLondon
98%
LOUUS StateLouisiana
97%
QUEProvinceQuebec
96%
COLUS StateColorado
95%
VIECountryVietnam
91%
VANWorld CityVancouver
90%
CREIslandCrete
84%
SUPLakeSuperior
83%
NAMDesertNamib
82%
SUMIslandSumatra
82%
SEIRiverSeine
75%
KRELandmarkKremlin
74%
BENLanguageBengali
73%
CASLakeCaspian
69%
SIKReligionSikhism
66%
CONRiverCongo
64%
HYDWorld CityHyderabad
56%
ELBMountainElbrus
54%
LILCapitalLilongwe
40%

Score Distribution

Percentile by Number Answered

Percent of People with Each Score

Your Score History

You have not taken this quiz